[Event "Leca da Palmeira 2nd"]
[Site "Leca da Palmeira"]
[Date "2023.08.06"]
[Round "9"]
[White "Goncalves, Samuel Jesus P"]
[Black "Samoun, Florent"]
[Result "0-1"]
[WhiteElo "2033"]
[BlackElo "2267"]
[PlyCount "116"]
[EventDate "2023.07.31"]
[EventType "swiss"]
[EventRounds "9"]
[EventCountry "POR"]
[SourceTitle "CBM 215 Extra"]
[Source "ChessBase"]
[SourceDate "2023.09.30"]
[SourceVersion "1"]
[SourceVersionDate "2023.09.30"]
[SourceQuality "1"]

1. d4 Nf6 2. c4 g6 3. g3 Bg7 4. Bg2 0-0 5. Nc3 d6 6. Nf3 Nc6 7. 0-0 e5 8. dxe5 dxe5 9. Bg5 Be6 10. Qa4 Qc8 11. Rad1 Nd7 12. Nd5 h6 13. Be3 Kh7 14. c5 Nf6 15. Nxf6+ Bxf6 16. b4 a6 17. a3 Bg7 18. Qc2 Rd8 19. Bd2 Bf5 20. Qc1 e4 21. Nh4 Nd4 22. Rfe1 Bg4 23. f3 exf3 24. exf3 Be6 25. Bc3 Ne2+ 26. Rxe2 Rxd1+ 27. Qxd1 Bxc3 28. f4 Bf6 29. Nf3 c6 30. Ne5 a5 31. Qd6 axb4 32. axb4 Ra1+ 33. Kf2 Bxe5 34. Qxe5 Rd1 35. Be4 Qd7 36. Qc3 Bg4 37. Bf3 Bxf3 38. Qxf3 Qd4+ 39. Kg2 Rd2 40. Kh3 Rxe2 41. Qxe2 Qxb4 42. Qa2 Kg7 43. Qa1+ Kg8 44. Qa8+ Kg7 45. Qa1+ f6 46. Qd1 Qxc5 47. Qd7+ Kf8 48. Qxb7 Qh5+ 49. Kg2 Qe2+ 50. Kg1 Qe1+ 51. Kg2 Qe4+ 52. Kf2 Qd4+ 53. Kg2 Qd5+ 54. Kg1 h5 55. h4 Qd4+ 56. Kg2 Qd5+ 57. Kf2 Qd6 58. Ke3 Qe7+ 0-1

[Event "FRA-ch Blitz"]
[Site "Port Marly"]
[Date "2022.05.28"]
[Round "5"]
[White "Samoun, Florent"]
[Black "Brunner, Nicolas"]
[Result "0-1"]
[WhiteElo "2241"]
[BlackElo "2454"]
[PlyCount "92"]
[EventDate "2022.05.28"]
[EventType "swiss (blitz)"]
[EventRounds "13"]
[EventCountry "FRA"]
[SourceTitle "CBM 208 Extra"]
[Source "ChessBase"]
[SourceDate "2022.07.31"]
[SourceVersion "1"]
[SourceVersionDate "2022.07.31"]
[SourceQuality "1"]

1. e4 c5 2. Nf3 e6 3. g3 Nc6 4. Bg2 d5 5. exd5 exd5 6. 0-0 Bg4 7. h3 Bh5 8. c3 Nf6 9. d4 cxd4 10. cxd4 Be7 11. Nc3 0-0 12. Be3 Qb6 13. b3 Rac8 14. Na4 Qa5 15. Rc1 Ne4 16. g4 Bg6 17. Ne5 Ba3 18. Nxc6 bxc6 19. Rc2 Nd6 20. Re2 Nb5 21. Qd2 Bb4 22. Qd1 Rfe8 23. Bf3 h6 24. Bc1 Rxe2 25. Bxe2 Re8 26. Be3 Qd8 27. Bd3 Bxd3 28. Qxd3 Qh4 29. Kg2 h5 30. f3 Re6 31. Nc5 Bxc5 32. dxc5 Qe7 33. Bd4 Re2+ 34. Rf2 Re1 35. a4 Nxd4 36. Qxd4 h4 37. b4 Qc7 38. f4 Re4 39. Qd2 Qb7 40. b5 cxb5 41. axb5 Qxb5 42. Qxd5 Re8 43. f5 Rc8 44. Rc2 Qb8 45. Qe4 Qg3+ 46. Kf1 Qxh3+ 0-1

[Event "Sitges Sunway op 8th"]
[Site "Sitges"]
[Date "2021.12.16"]
[Round "4"]
[White "Samoun, Florent"]
[Black "Niharika, Challa"]
[Result "1-0"]
[WhiteElo "2247"]
[BlackElo "1935"]
[PlyCount "85"]
[EventDate "2021.12.13"]
[EventType "swiss"]
[EventRounds "10"]
[EventCountry "ESP"]
[SourceTitle "CBM 205 Extra"]
[Source "ChessBase"]
[SourceDate "2022.01.31"]
[SourceVersion "1"]
[SourceVersionDate "2022.01.31"]
[SourceQuality "1"]

1. e3 c5 2. b3 d6 3. Bb2 Nc6 4. d4 cxd4 5. exd4 d5 6. Bd3 Nf6 7. Nf3 Nb4 8. Ne5 Qa5 9. 0-0 Nxd3 10. Qxd3 g6 11. a4 Bf5 12. Qb5+ Qxb5 13. axb5 Nd7 14. Nc3 Nxe5 15. dxe5 e6 16. b6 Bc5 17. Rxa7 Rxa7 18. bxa7 Kd7 19. Ra1 Ra8 20. Na4 Bxa7 21. Nb6+ Bxb6 22. Rxa8 Bxc2 23. Rf8 d4 24. Rxf7+ Kc6 25. Rxh7 d3 26. Bc3 Bxb3 27. Kf1 Bd4 28. Bd2 Bxe5 29. Rh6 b5 30. Rxg6 Bd5 31. h4 Bd6 32. Rg4 e5 33. h5 e4 34. h6 Be5 35. h7 Kc5 36. Rg5 Bd4 37. Rg8 b4 38. h8Q Bxh8 39. Rxh8 b3 40. Rc8+ Kb6 41. Bc3 Be6 42. Rb8+ Kc5 43. Ke1 1-0

[Event "Cappelle Online Bullet op"]
[Site "Europe Echecs INT"]
[Date "2021.03.05"]
[Round "10"]
[White "Afraoui, Anaelle"]
[Black "Samoun, Florent"]
[Result "0-1"]
[WhiteElo "2106"]
[BlackElo "2306"]
[PlyCount "58"]
[EventDate "2021.03.05"]
[EventType "swiss (blitz)"]
[EventRounds "15"]
[EventCountry "FRA"]
[SourceTitle "EXT 2022"]
[Source "ChessBase"]
[SourceDate "2021.10.06"]
[SourceVersion "1"]
[SourceVersionDate "2021.10.06"]
[SourceQuality "1"]

1. e4 e5 2. Nf3 f5 3. exf5 e4 4. Nd4 Nf6 5. Bc4 d5 6. Bb3 c5 7. Ne2 Nc6 8. c3 Bxf5 9. Bc2 Bd6 10. d3 0-0 11. 0-0 Qc7 12. g3 Rae8 13. Bf4 Bh3 14. Re1 Ne5 15. Bxe5 Bxe5 16. d4 Bd6 17. dxc5 Bxc5 18. Nd4 Ng4 19. Nd2 Nxf2 20. Qe2 Qb6 21. N2b3 Bxd4 22. Nxd4 Bg4 23. Qe3 Nh3+ 24. Kg2 Rf3 25. Nxf3 Bxf3+ 26. Kf1 Qb5+ 27. Bd3 Qxb2 28. Be2 Rf8 29. Bxf3 Rxf3+ 0-1

[Event "Cappelle Online Bullet op"]
[Site "Europe Echecs INT"]
[Date "2021.03.05"]
[Round "2"]
[White "Samoun, Florent"]
[Black "Amin, Bassem"]
[Result "0-1"]
[WhiteElo "2306"]
[BlackElo "2695"]
[PlyCount "58"]
[EventDate "2021.03.05"]
[EventType "swiss (blitz)"]
[EventRounds "15"]
[EventCountry "FRA"]
[SourceTitle "EXT 2022"]
[Source "ChessBase"]
[SourceDate "2021.10.06"]
[SourceVersion "1"]
[SourceVersionDate "2021.10.06"]
[SourceQuality "1"]

1. d4 e6 2. Nf3 f5 3. g3 Nf6 4. Bg2 Be7 5. 0-0 0-0 6. c4 d6 7. Nc3 Qe8 8. Bg5 Ne4 9. Bxe7 Nxc3 10. bxc3 Qxe7 11. Qc2 e5 12. e3 Nc6 13. Rab1 Rb8 14. Rfd1 b6 15. Nh4 Na5 16. c5 dxc5 17. Qe2 exd4 18. cxd4 cxd4 19. Qh5 dxe3 20. Re1 exf2+ 21. Kxf2 Qc5+ 22. Kf1 Ba6+ 23. Re2 Rbe8 24. Bf3 Bxe2+ 25. Bxe2 Nc4 26. Rc1 Ne3+ 27. Kf2 Ng4+ 28. Kg2 Qf2+ 29. Kh3 Qxh2# 0-1

[Event "Cappelle Online Bullet op"]
[Site "Europe Echecs INT"]
[Date "2021.03.05"]
[Round "14"]
[White "Samoun, Florent"]
[Black "Ballester, Alexandre"]
[Result "1-0"]
[WhiteElo "2306"]
[BlackElo "2099"]
[PlyCount "61"]
[EventDate "2021.03.05"]
[EventType "swiss (blitz)"]
[EventRounds "15"]
[EventCountry "FRA"]
[SourceTitle "EXT 2022"]
[Source "ChessBase"]
[SourceDate "2021.10.06"]
[SourceVersion "1"]
[SourceVersionDate "2021.10.06"]
[SourceQuality "1"]

1. e4 c5 2. Nf3 d6 3. b4 cxb4 4. a3 bxa3 5. Bxa3 Nf6 6. Nc3 g6 7. Bc4 Bg7 8. h4 0-0 9. h5 Bg4 10. hxg6 hxg6 11. Rh4 Nc6 12. Qe2 Nd4 13. Qd3 Bxf3 14. gxf3 Nd7 15. f4 Nc5 16. Qh3 e6 17. Bb2 Nxc2+ 18. Ke2 Nd4+ 19. Kf1 d5 20. Be2 Nxe4 21. Nxe4 dxe4 22. Kg2 Qd5 23. Rh1 e3+ 24. f3 f6 25. Rh8+ Kf7 26. Rh7 exd2 27. Qh6 Ke8 28. Qxg6+ Kd8 29. Qxg7 Qc6 30. Qe7+ Kc8 31. Bxd4 1-0

[Event "Cappelle Online Bullet op"]
[Site "Europe Echecs INT"]
[Date "2021.03.05"]
[Round "4"]
[White "Samoun, Florent"]
[Black "Fischler, Oscar"]
[Result "1-0"]
[WhiteElo "2306"]
[BlackElo "1866"]
[PlyCount "107"]
[EventDate "2021.03.05"]
[EventType "swiss (blitz)"]
[EventRounds "15"]
[EventCountry "FRA"]
[SourceTitle "EXT 2022"]
[Source "ChessBase"]
[SourceDate "2021.10.06"]
[SourceVersion "1"]
[SourceVersionDate "2021.10.06"]
[SourceQuality "1"]

1. e4 e5 2. Nc3 Nc6 3. f4 exf4 4. Bc4 Qh4+ 5. Kf1 Bc5 6. Qe2 Nd4 7. g3 fxg3 8. Qg2 Qf4+ 9. Ke1 Nxc2+ 10. Kd1 Nxa1 11. d4 Qf2 12. Qxf2 gxf2 13. Nf3 Bb4 14. Be3 Bxc3 15. bxc3 Ne7 16. Bxf2 f6 17. Kd2 d6 18. Rxa1 Bg4 19. Be2 Bxf3 20. Bxf3 Ng6 21. Rb1 Rb8 22. Bg3 Kd7 23. Bg4+ Ke7 24. Re1 c6 25. h4 h5 26. Bf5 Kf7 27. Bh3 Rhe8 28. Bf1 d5 29. Bd3 dxe4 30. Bxe4 Rbd8 31. Bf2 Ne7 32. Bd3 f5 33. Rf1 g6 34. Be3 Kf6 35. Bg5+ Kg7 36. Re1 Nd5 37. Rg1 Rd7 38. c4 Rde7 39. cxd5 cxd5 40. Kc3 Re4 41. Kd2 Re3 42. Bxf5 R3e4 43. Be3 Kf6 44. Bxg6 Kg7 45. Bxe4+ Kf8 46. Bxd5 Re7 47. Bg5 Ke8 48. Bh6 Kd8 49. Bg5 Kd7 50. Rf1 Kc7 51. Rf2 Kb6 52. Rf3 Kc7 53. Rc3+ Kb6 54. Rb3+ 1-0

[Event "Skalica Masters op"]
[Site "Skalica"]
[Date "2020.08.29"]
[Round "8"]
[White "Samoun, Florent"]
[Black "Dionisi, Thomas"]
[Result "0-1"]
[WhiteElo "2299"]
[BlackElo "2417"]
[PlyCount "102"]
[EventDate "2020.08.23"]
[EventType "swiss"]
[EventRounds "9"]
[EventCountry "SVK"]
[SourceTitle "CBM 198 Extra"]
[Source "ChessBase"]
[SourceDate "2020.11.30"]
[SourceVersion "1"]
[SourceVersionDate "2020.11.30"]
[SourceQuality "1"]

1. e4 e5 2. Nf3 Nc6 3. Bb5 Nge7 4. 0-0 g6 5. c3 a6 6. Ba4 Bg7 7. d4 b5 8. Bc2 exd4 9. Nxd4 0-0 10. Be3 Bb7 11. Nd2 Re8 12. Re1 d6 13. a4 b4 14. N2b3 Rb8 15. Qe2 bxc3 16. bxc3 Ne5 17. Rad1 Qc8 18. c4 c5 19. Nf3 Nxf3+ 20. Qxf3 Qe6 21. Na5 Ba8 22. Qg3 Be5 23. Bf4 Bxf4 24. Qxf4 Nf5 25. Rb1 Nd4 26. Bd3 Rxb1 27. Rxb1 Bxe4 28. Qxe4 Qxe4 29. Bxe4 Rxe4 30. f3 Re2 31. Nb7 Nf5 32. Rb6 Ne3 33. Nxd6 Rxg2+ 34. Kh1 Ra2 35. Kg1 Rxa4 36. Rb7 f5 37. Ne8 Rxc4 38. Nf6+ Kf8 39. Rd7 Rh4 40. Kf2 f4 41. Nxh7+ Kg8 42. Nf6+ Kh8 43. Ke2 c4 44. Kd2 Rxh2+ 45. Kc3 g5 46. Rf7 Rh6 47. Kd4 c3 48. Ne4 c2 49. Rc7 Rh1 50. Rc8+ Kg7 51. Rc7+ Kf8 0-1

[Event "FRA-ch Blitz Online Qual"]
[Site "Europe Echecs INT"]
[Date "2020.05.16"]
[Round "8"]
[White "Samoun, Florent"]
[Black "Piorun, Kacper"]
[Result "0-1"]
[WhiteElo "2299"]
[BlackElo "2601"]
[PlyCount "96"]
[EventDate "2020.05.16"]
[EventType "swiss (blitz)"]
[EventRounds "15"]
[EventCountry "FRA"]
[SourceTitle "CBM 196 Extra"]
[Source "ChessBase"]
[SourceDate "2020.07.31"]
[SourceVersion "1"]
[SourceVersionDate "2020.07.31"]
[SourceQuality "1"]

1. Nf3 b5 2. e4 Bb7 3. Bxb5 Bxe4 4. Nc3 Bb7 5. 0-0 Nf6 6. d4 e6 7. Bf4 Be7 8. Re1 0-0 9. Qd2 a6 10. Bd3 Nc6 11. Ne4 Nd5 12. Bg3 f5 13. Nc5 Bxc5 14. dxc5 Nce7 15. Be5 Ng6 16. Bd4 Ndf4 17. Ne5 Nxg2 18. Nxg6 Nxe1 19. Rxe1 hxg6 20. Re3 Qg5+ 21. Kf1 Qg2+ 22. Ke2 f4 23. Re5 d6 24. Rxe6 Qg4+ 25. Kf1 Qxe6 26. b3 Qh3+ 27. Ke1 Rae8+ 28. Kd1 Qxh2 29. Kc1 Qg1+ 30. Kb2 Qe1 31. Bc4+ d5 32. Qd3 dxc4 33. Qxg6 Qe7 34. c6 Bc8 35. Qg1 cxb3 36. axb3 Bf5 37. Qg2 Rd8 38. Bc3 Bxc2 39. b4 Be4 40. Qg1 Bxc6 41. Ka3 Rd3 42. Kb2 Rxc3 43. Kxc3 Qe5+ 44. Kb3 Rd8 45. Qf1 Bb5 46. Qc1 Rd3+ 47. Ka2 Qd5+ 48. Ka1 Rd1 0-1

[Event "Avoine op 34th"]
[Site "Avoine"]
[Date "2019.07.20"]
[Round "4"]
[White "Yche, Michel"]
[Black "Samoun, Florent"]
[Result "0-1"]
[WhiteElo "1957"]
[BlackElo "2230"]
[PlyCount "80"]
[EventDate "2019.07.20"]
[EventType "swiss"]
[EventRounds "9"]
[EventCountry "FRA"]
[SourceTitle "EXT 2020"]
[Source "ChessBase"]
[SourceDate "2019.10.17"]
[SourceVersion "1"]
[SourceVersionDate "2019.10.17"]
[SourceQuality "1"]

1. e4 Nf6 2. Nc3 d5 3. exd5 Nxd5 4. Bc4 e6 5. Qf3 Nb6 6. Bb3 c5 7. d3 Be7 8. Qg3 0-0 9. Ne4 Kh8 10. Bf4 Nc6 11. Nf3 Nd5 12. Bd6 f5 13. Bxe7 Ncxe7 14. Ned2 f4 15. Qh4 Qc7 16. g4 Bd7 17. 0-0-0 a5 18. Bxd5 Nxd5 19. Ng5 h6 20. Nge4 e5 21. g5 Ra6 22. Rhg1 a4 23. Nf3 a3 24. b3 Bf5 25. Nd4 b5 26. Rde1 Nb4 27. Kb1 c4 28. dxc4 bxc4 29. bxc4 Rc6 30. gxh6 g6 31. Nd2 Bxc2+ 32. Kc1 Bf5 33. Kd1 Nd3 34. Re2 Qd7 35. f3 Qxd4 36. Rge1 Nf2+ 37. Qxf2 Qxf2 38. Rf1 Qd4 39. Rxe5 Bd3 40. Ke1 Bxc4 0-1

[Event "Paris-ch 94th"]
[Site "Paris"]
[Date "2019.07.13"]
[Round "8"]
[White "Anand, Nadar"]
[Black "Samoun, Florent"]
[Result "1-0"]
[WhiteElo "2358"]
[BlackElo "2230"]
[PlyCount "121"]
[EventDate "2019.07.07"]
[EventType "swiss"]
[EventRounds "9"]
[EventCountry "FRA"]
[SourceTitle "CBM 191 Extra"]
[Source "ChessBase"]
[SourceDate "2019.09.30"]
[SourceVersion "1"]
[SourceVersionDate "2019.09.30"]
[SourceQuality "1"]

1. Nf3 e6 2. c4 Nf6 3. g3 b6 4. Bg2 Bb7 5. d4 c5 6. d5 exd5 7. Nh4 g6 8. Nc3 Bg7 9. cxd5 0-0 10. 0-0 a6 11. a4 d6 12. Nf3 Nbd7 13. Nd2 b5 14. axb5 axb5 15. Rxa8 Qxa8 16. Nxb5 Nxd5 17. Nc4 N7f6 18. Nbxd6 Bc6 19. Ne5 Nb4 20. Nxc6 Nxc6 21. Qc2 Nd4 22. Qxc5 Nxe2+ 23. Kh1 Qa2 24. b4 Nxc1 25. Rxc1 h5 26. Bf3 Qb2 27. Rc2 Qb1+ 28. Rc1 Qb2 29. Rf1 Nd7 30. Qb5 Ne5 31. Nc4 Nxc4 32. Qxc4 Rb8 33. Bd5 Rxb4 34. Bxf7+ Kh7 35. Qc6 Qf6 36. Qxf6 Bxf6 37. Rd1 Rd4 38. Rc1 Rd2 39. f4 Rd7 40. Bb3 Kg7 41. Kg2 h4 42. Rc5 hxg3 43. hxg3 Be7 44. Rc8 Bd8 45. Rc5 Be7 46. Rb5 Bd8 47. Kh3 Bf6 48. Kg4 Bd8 49. Bc2 Rc7 50. Rb8 Rxc2 51. Rxd8 Rc5 52. Re8 Rc3 53. Kh4 Kf6 54. Rf8+ Kg7 55. Rb8 Rc5 56. Rb7+ Kf6 57. Rb6+ Kf7 58. Kg4 Ra5 59. Rb1 Kf6 60. Re1 g5 61. Re5 1-0

[Event "EU-Cup 34th"]
[Site "Porto Carras"]
[Date "2018.10.16"]
[Round "5.2"]
[White "Samoun, Florent"]
[Black "Valdes Escobar, Alvaro Daniel"]
[Result "1/2-1/2"]
[WhiteElo "2322"]
[BlackElo "2351"]
[PlyCount "72"]
[EventDate "2018.10.12"]
[EventType "team-swiss"]
[EventRounds "7"]
[EventCountry "GRE"]
[SourceTitle "CBM 187"]
[Source "ChessBase"]
[SourceDate "2018.12.11"]
[SourceVersion "1"]
[SourceVersionDate "2018.12.11"]
[SourceQuality "1"]
[WhiteTeam "Bois Colombes"]
[BlackTeam "Wood Green"]
[WhiteTeamCountry "FRA"]
[BlackTeamCountry "ENG"]

1. e4 c5 2. Nf3 d6 3. g3 Nf6 4. d3 Nc6 5. Bg2 Bg4 6. h3 Bh5 7. g4 Bg6 8. Nc3 e6 9. Bf4 Nd7 10. Qd2 Be7 11. Ne2 h6 12. 0-0-0 Nde5 13. Nxe5 dxe5 14. Be3 Nd4 15. f4 Nxe2+ 16. Qxe2 exf4 17. Bxf4 Bg5 18. Bxg5 Qxg5+ 19. Kb1 0-0-0 20. e5 h5 21. d4 cxd4 22. Qc4+ Kb8 23. Qb4 Rd7 24. Rxd4 Qe7 25. Qxe7 Rxe7 26. Kc1 hxg4 27. hxg4 Rxh1+ 28. Bxh1 f6 29. exf6 gxf6 30. Rd8+ Kc7 31. Rg8 Bh7 32. Rf8 f5 33. gxf5 Bxf5 34. Bf3 Kd6 35. Rb8 b6 36. Rb7 Rxb7 1/2-1/2

[Event "EU-Cup 34th"]
[Site "Porto Carras"]
[Date "2018.10.14"]
[Round "3.2"]
[White "Ris, Robert"]
[Black "Samoun, Florent"]
[Result "1-0"]
[WhiteElo "2435"]
[BlackElo "2322"]
[PlyCount "171"]
[EventDate "2018.10.12"]
[EventType "team-swiss"]
[EventRounds "7"]
[EventCountry "GRE"]
[SourceTitle "CBM 187"]
[Source "ChessBase"]
[SourceDate "2018.12.11"]
[SourceVersion "1"]
[SourceVersionDate "2018.12.11"]
[SourceQuality "1"]
[WhiteTeam "BSG"]
[BlackTeam "Bois Colombes"]
[WhiteTeamCountry "NED"]
[BlackTeamCountry "FRA"]

1. e4 c5 2. Nf3 Nc6 3. Bb5 g6 4. 0-0 Bg7 5. Bxc6 bxc6 6. Re1 e5 7. b4 cxb4 8. a3 bxa3 9. d4 d6 10. Bxa3 Bg4 11. Nbd2 Be6 12. d5 cxd5 13. exd5 Bxd5 14. c4 Bc6 15. c5 Nf6 16. cxd6 Nd7 17. Nd4 Bb7 18. Nb5 0-0 19. Nc7 Rb8 20. Ne4 Qh4 21. Bc1 Bxe4 22. g3 Qf6 23. Rxe4 Rb6 24. Nd5 Qxd6 25. Ba3 Nc5 26. Bxc5 Qxc5 27. Nxb6 axb6 28. Rc1 Qa5 29. Qd7 Qa6 30. Rec4 h5 31. Rc8 Qe2 32. R8c2 Qf3 33. Rc3 Qe2 34. Re3 Qg4 35. Qd5 h4 36. Rc4 Qg5 37. Rxh4 Rd8 38. Qf3 Qe7 39. Rd3 Rxd3 40. Qxd3 Bf8 41. Qd5 Qc5 42. Qxc5 Bxc5 43. Ra4 Kg7 44. Kf1 f5 45. f3 Kf6 46. Ke2 Kg7 47. Kd3 Bg1 48. Ra2 Kf6 49. Rg2 Bc5 50. h4 Kf7 51. g4 b5 52. Rc2 Be7 53. g5 Bb4 54. Rc7+ Kg8 55. Ke2 e4 56. fxe4 fxe4 57. Rb7 e3 58. Rxb5 Bd2 59. Rb7 Kf8 60. Rc7 Kg8 61. Re7 Kf8 62. Re4 Bc1 63. Kf3 Bd2 64. Kg4 Kf7 65. h5 gxh5+ 66. Kxh5 Kg7 67. Kg4 Kg6 68. Re6+ Kg7 69. Kf5 Kf7 70. Re4 Kg7 71. g6 Kf8 72. Kf6 Bc3+ 73. Kg5 e2 74. Rxe2 Kg8 75. Re8+ Kg7 76. Re7+ Kg8 77. Rd7 Bb2 78. Kf5 Bc3 79. Kg4 Bb2 80. Kh5 Bc1 81. g7 Kh7 82. Rf7 Bd2 83. g8Q+ Kxg8 84. Kg6 Bb4 85. Rb7 Bd6 86. Rd7 1-0

[Event "Pontevedra op-A 6th"]
[Site "Pontevedra"]
[Date "2018.08.12"]
[Round "7"]
[White "Samoun, Florent"]
[Black "Prado Lobo, Jonas"]
[Result "1-0"]
[WhiteElo "2334"]
[BlackElo "2143"]
[PlyCount "85"]
[EventDate "2018.08.08"]
[EventType "swiss"]
[EventRounds "9"]
[EventCountry "ESP"]
[SourceTitle "EXT 2021"]
[Source "ChessBase"]
[SourceDate "2020.10.23"]
[SourceVersion "1"]
[SourceVersionDate "2020.10.23"]
[SourceQuality "1"]

1. e4 e6 2. d4 d5 3. Bd3 dxe4 4. Bxe4 Nf6 5. Bf3 Nc6 6. Ne2 e5 7. Bxc6+ bxc6 8. 0-0 exd4 9. Nxd4 c5 10. Qf3 Qd5 11. Re1+ Be7 12. Nc3 Qxf3 13. Nxf3 Be6 14. b3 0-0-0 15. Ng5 Nd5 16. Nxe6 fxe6 17. Nxd5 Rxd5 18. Bb2 Rd2 19. Rxe6 Bd6 20. Rae1 Rxc2 21. R6e2 Rxe2 22. Rxe2 Rg8 23. Re4 g6 24. Kf1 Rf8 25. g3 Rf7 26. Ke2 Kb7 27. f4 Re7 28. Rxe7 Bxe7 29. Kd3 Kc6 30. Ke4 Kb5 31. Kd5 Bf8 32. g4 c6+ 33. Ke6 c4 34. bxc4+ Kxc4 35. Kf7 Bd6 36. Be5 Bc5 37. Ke6 Bg1 38. f5 gxf5 39. gxf5 Be3 40. Bg7 Kb4 41. f6 Ka3 42. f7 Bc5 43. Be5 1-0

[Event "Pontevedra op-A 6th"]
[Site "Pontevedra"]
[Date "2018.08.11"]
[Round "5"]
[White "Samoun, Florent"]
[Black "Levi, Netanel"]
[Result "1-0"]
[WhiteElo "2334"]
[BlackElo "1961"]
[PlyCount "57"]
[EventDate "2018.08.08"]
[EventType "swiss"]
[EventRounds "9"]
[EventCountry "ESP"]
[SourceTitle "EXT 2021"]
[Source "ChessBase"]
[SourceDate "2020.10.23"]
[SourceVersion "1"]
[SourceVersionDate "2020.10.23"]
[SourceQuality "1"]

1. d4 Nf6 2. Nf3 d6 3. Nc3 Nbd7 4. e4 e5 5. h3 c6 6. Be3 b5 7. a3 Be7 8. Be2 Bb7 9. g4 h6 10. Rg1 a5 11. dxe5 dxe5 12. g5 hxg5 13. Nxg5 Qc7 14. Qb1 Bc5 15. Qa2 Rf8 16. 0-0-0 Qb6 17. Ne6 Bxe3+ 18. fxe3 fxe6 19. Qxe6+ Kd8 20. Rxg7 Qc7 21. Bg4 Kc8 22. Rgxd7 Nxd7 23. Rxd7 Qxd7 24. Qxd7+ Kb8 25. Qd6+ Ka7 26. Qc5+ Ka6 27. a4 Rf1+ 28. Kd2 Rd8+ 29. Nd5 1-0